| 000 | 00645nam a2200229Ia 4500 | ||
|---|---|---|---|
| 005 | 20210412133806.0 | ||
| 008 | 131103s9999 xx 000 0 und d | ||
| 020 |
_a706960327 _cRs.250 |
||
| 040 | _aLoreto College | ||
| 041 | _aEnglish | ||
| 082 |
_a954.04 _bNAR-PRA |
||
| 100 | _aPrasad, Bimal | ||
| 245 |
_aJayaprakash Narayan _bQuest and legacy _cBimal Prasad |
||
| 260 |
_aNew Delhi _bVikas Publishing House _c1992 |
||
| 300 | _aix,205 p. | ||
| 504 | _aIncludes appendices and bibliography | ||
| 600 | _aNarayan,Jayaprakash | ||
| 650 | _aNarayan,Jayaprakash | ||
| 650 | _aModern Indian history | ||
| 850 | _aLCLIB | ||
| 942 | _cBK | ||
| 999 |
_c10017 _d60496 |
||